Statistics for Casts of Best Picture Oscar-winning movies of the 2000s

Click here to take the quiz!

General Stats

  • This quiz has been taken 742 times
  • The average score is 32 of 100

Answer Stats

RolePerformer% Correct
John Nash | Maximus Decimus MeridiusRussell Crowe
97%
William "Billy" Costigan, Jr.Leonardo DiCaprio
92%
Frankie DunnClint Eastwood
89%
Margaret "Maggie" FitzgeraldHilary Swank
88%
CommodusJoaquin Phoenix
88%
Staff Sgt. Colin SullivanMatt Damon
84%
Velma KellyCatherine Zeta-Jones
82%
Frodo BagginsElijah Wood
82%
Francis "Frank" CostelloJack Nicholson
80%
Anton ChigurhJavier Bardem
80%
Eddie "Scrap-Iron" DuprisMorgan Freeman
79%
Gandalf the WhiteIan McKellen
78%
Roxanne "Roxie" HartRenée Zellweger
76%
Sgt. First Class William JamesJeremy Renner
75%
Sheriff Ed Tom BellTommy Lee Jones
75%
LegolasOrlando Bloom
74%
AragornViggo Mortensen
74%
Billy FlynnRichard Gere
72%
GaladrielCate Blanchett
67%
Staff Sgt. Sean DignamMark Wahlberg
67%
Alicia NashJennifer Connelly
65%
Jamal MalikDev Patel
61%
ArwenLiv Tyler
61%
Jean CabotSandra Bullock
58%
Llewelyn MossJosh Brolin
52%
Sgt. John RyanMatt Dillon
52%
Matron "Mama" MortonQueen Latifah
50%
Sam GamgeeSean Astin
50%
William ParcherEd Harris
48%
Marcus AureliusRichard Harris
48%
Capt. Oliver Charles QueenanMartin Sheen
44%
Det. Graham WatersDon Cheadle
41%
ElrondHugo Weaving
41%
Capt. George EllerbyAlec Baldwin
38%
Amos HartJohn C. Reilly
37%
Christine ThayerThandie Newton
35%
Cameron ThayerTerrence Howard
31%
Dr. Madolyn MaddenVera Farmiga
31%
Carson WellsWoody Harrelson
30%
GimliJohn Rhys-Davies
29%
Charles HermanPaul Bettany
29%
Antonius ProximoOliver Reed
28%
Sgt. J. T. Sanborn | Shawrelle BerryAnthony Mackie
26%
LatikaFreida Pinto
25%
D.A. Rick CabotBrendan Fraser
23%
LucillaConnie Nielsen
19%
Daniel RuizMichael Peña
19%
Trooper BrownAnthony Anderson
17%
Mary SunshineChristine Baranski
17%
JubaDjimon Hounsou
17%
Carla Jean MossKelly Macdonald
17%
Officer Tom HansenRyan Phillippe
17%
Senator GracchusDerek Jacobi
16%
AnthonyLudacris
16%
The BandleaderTaye Diggs
16%
Staff Sgt. Matthew ThompsonGuy Pearce
15%
Kitty BaxterLucy Liu
15%
Arnold "Frenchy" FrenchRay Winstone
15%
Dr. RosenChristopher Plummer
13%
The Private Military Company unit leaderRalph Fiennes
13%
Police InspectorIrrfan Khan
12%
Dangerous DillanJay Baruchel
11%
Connie JamesEvangeline Lilly
10%
RiaJennifer Esposito
10%
Fred CaselyDominic West
9%
Earline FitzgeraldMargo Martindale
9%
SolAdam Goldberg
8%
Trooper BarriganJames Badge Dale
7%
HarrisonColm Feore
6%
Martin HansenJosh Lucas
6%
Prem KumarAnil Kapoor
5%
Col. ReedDavid Morse
5%
HelingerJudd Hirsch
5%
SauronSala Baker
5%
The man who hires Chigurh and WellsStephen Root
5%
Loretta BellTess Harper
5%
EllisBarry Corbin
4%
Agnes KracikBeth Grant
4%
Specialist Owen EldridgeBrian Geraghty
4%
Senator FalcoDavid Schofield
4%
Deputy WendellGarret Dillahunt
4%
Senator GaiusJohn Shrapnel
4%
MamanAnkur Vikal
3%
BenderAnthony Rapp
3%
Father HorvakBrían F. O'Byrne
3%
Lt.-Col. John CambridgeChristian Camargo
3%
Billie "The Blue Bear" OstermanLucia Rijker
3%
Salim K. MalikMadhur Mittal
3%
Big Willie LittleMike Colter
3%
Mardell FitzgeraldRiki Lindhome
3%
Jamal's motherSanchita Choudhary
3%
Police Constable SrinivasSaurabh Shukla
3%
General QuintusTomas Arana
3%
MarceeVivien Cardone
3%
BeckhamChristopher Sayegh
2%
Javed KhanMahesh Manjrekar
2%
The game show producerRajendranath Zutshi
2%
The man in the black suitSuhail Al-Dabbach
2%

Score Distribution

Percentile by Number Answered

Percent of People with Each Score

Your Score History

You have not taken this quiz